Lux evangelica sub velum sacrorum emblematum recondita in omnes dominicas totius anni selecta historia et morali doctrina.

Detalles Bibliográficos
Autor principal: ENGELGRAVE, Enrique
Formato: Libro
Publicado: Colonia 1726
Materias:
Colección:Banco de datos
Acervo:Biblioteca del Convento de San Pablo. Yuririahupándaro. Guanajuato
Descripción Física:1a. parte
Tema general:Homilética
Notas:Regular. No identificada 1. 2C1, 6.
LEADER 00787nam a22002050004500
035 |a 36786 
036 |a 2427 
100 1 |a ENGELGRAVE, Enrique 
245 1 0 |a Lux evangelica sub velum sacrorum emblematum recondita in omnes dominicas totius anni selecta historia et morali doctrina. 
260 |a Colonia  |b Heredero de Tomás Von Cöllen y José Huisch imp.  |c 1726 
300 |a 1a. parte 
500 |a Regular. No identificada 1. 2C1, 6. 
650 1 0 |a Homilética 
949 |a CRG-CY 
959 |a Ex convento de San Pablo, Museo Regional de Yuririahpúndaro, Guanajuato  |b CCC9 
960 |a Convento San Pablo Yuririahpúndaro, Guanajuato  |b DD86 
961 |a Agustina  |b OA 
942 |c CRG-CY 
943 |g Biblioteca del Convento de San Pablo. Yuririahupándaro. Guanajuato 
999 |c 957452  |d 957452